[Event "24th ECh U20"]
[Site "Siofok HUN"]
[Date "1996.??.??"]
[Round "7"]
[White "Szuk, Balazs"]
[Black "Zavoronkov, Vladimir"]
[Result "1-0"]
[WhiteElo "2350"]
[BlackElo "2265"]
[EventDate "1996.08.30"]
[PlyCount "49"]

1.e4 c5 2.Nf3 d6 3.d4 cxd4 4.Nxd4 Nf6 5.Nc3 Nc6 6.Bc4 Qb6 7.Nb3 e6 8.O-O 
a6 9.a4 Be7 10.a5 Qc7 11.Be2 Bd7 12.Be3 Ne5 13.Nd2 Bc6 14.f4 Ned7 15.Bf3 
O-O 16.Qe2 Nc5 17.Qf2 b5 18.axb6 Qxb6 19.e5 Nfd7 20.exd6 Bxd6 21.Nc4 Qc7 
22.Nxd6 Qxd6 23.Rfd1 Qc7 24.Bxc5 Bxf3 25.Bd6 1-0

[Event "24th ECh U20"]
[Site "Siofok HUN"]
[Date "1996.??.??"]
[Round "7"]
[White "Maros, Milan"]
[Black "Chytilek, Roman"]
[Result "1/2-1/2"]
[WhiteElo "2255"]
[BlackElo "2340"]
[EventDate "1996.08.30"]
[PlyCount "43"]

1.d4 Nf6 2.c4 e6 3.Nc3 Bb4 4.Qc2 c5 5.Nf3 Nc6 6.dxc5 Bxc5 7.Bg5 h6 8.Bh4 
Qa5 9.Bxf6 gxf6 10.e3 b6 11.Be2 Bb4 12.Rc1 Bb7 13.O-O Bxc3 14.Qxc3 Qxc3 
15.Rxc3 Rg8 16.g3 d6 17.Rd1 Ke7 18.Nd4 Nxd4 19.Rxd4 e5 20.Rd1 Be4 21.f4 
Rac8 22.Kf2 1/2-1/2

[Event "24th ECh U20"]
[Site "Siofok HUN"]
[Date "1996.??.??"]
[Round "7"]
[White "Gabrielsen, Stig"]
[Black "Kovacs, Gabor"]
[Result "0-1"]
[WhiteElo "2225"]
[BlackElo "2335"]
[EventDate "1996.08.30"]
[PlyCount "174"]

1.e4 Nf6 2.e5 Nd5 3.d4 d6 4.Nf3 dxe5 5.Nxe5 g6 6.Bc4 c6 7.O-O Bg7 8.Re1 
O-O 9.Bb3 Be6 10.h3 Nd7 11.Nf3 Nc7 12.c3 a5 13.a4 Nb6 14.Nbd2 Bd5 15.Nf1 
Ne6 16.Ng5 Nxg5 17.Bxg5 Re8 18.Ne3 Bxb3 19.Qxb3 Qc7 20.Ng4 Nd5 21.Re2 f6 
22.Bh4 Qd7 23.Bg3 e6 24.Rae1 b5 25.Ne3 Kf7 26.axb5 cxb5 27.c4 Nxe3 28.Rxe3
bxc4 29.Qxc4 Bf8 30.Rf3 Rac8 31.Qe2 Bb4 32.Rd1 Kg7 33.Qe4 Qd5 34.Qf4 Rf8 
35.b3 Rc2 36.Rfd3 h5 37.h4 Rfc8 38.Qe3 R8c6 39.Be5 R2c3 40.Bf4 Kf7 41.Kh2 
Rc8 42.Qh3 Qxb3 43.d5 Qxd5 44.Qe3 Rxd3 45.Rxd3 Qb7 46.Bg3 Rh8 47.Qc1 Be7 
48.Rc3 e5 49.Rc7 Qb4 50.f3 Qb6 51.Rc6 Qd4 52.Rc4 Qd8 53.Rc7 Rf8 54.Be1 Kg7
55.Bxa5 Rf7 56.Qc4 Qd6 57.Kh1 f5 58.Bc3 f4 59.Kg1 Qb6+ 60.Kh2 Qf6 61.Kg1 
Qd6 62.Kh2 Qf6 63.Kg1 Bd6 64.Rxf7+ Qxf7 65.Qe4 Qa7+ 66.Kf1 Qc7 67.Bb2 Kh7 
68.Ke2 Qb6 69.Bc3 Qb5+ 70.Kd2 Qc5 71.Kd3 Bc7 72.Bb4 Qb5+ 73.Kc3 Bd8 74.Qa8
Qd7 75.Qb8 Bf6 76.Kb3 Qf7+ 77.Kc2 Bg7 78.Bc3 Qa2+ 79.Bb2 Qc4+ 80.Kd2 Qf1 
81.Qb7 Qxg2+ 82.Kc1 Qg1+ 83.Kc2 Qc5+ 84.Bc3 Kh6 85.Kb3 Qd6 86.Qe4 Qf6 87.
Qd5 Kh7 0-1

[Event "24th ECh U20"]
[Site "Siofok HUN"]
[Date "1996.??.??"]
[Round "7"]
[White "Gelbmann, Norbert"]
[Black "Barva, Attila"]
[Result "0-1"]
[WhiteElo "2300"]
[BlackElo "2250"]
[EventDate "1996.08.30"]
[PlyCount "60"]

1.e4 e6 2.d4 d5 3.Nc3 Nf6 4.e5 Nfd7 5.f4 c5 6.Nf3 a6 7.Be3 b5 8.dxc5 Bxc5 
9.Bxc5 Nxc5 10.Bd3 Qb6 11.Qd2 b4 12.Ne2 Nc6 13.Ned4 Bd7 14.O-O-O Qa5 15.
Nxc6 Bxc6 16.Nd4 Bb5 17.a3 Bxd3 18.cxd3 Rb8 19.Kb1 Qa4 20.Qc2 {[#]} 20...
O-O 21.Qxc5 bxa3 22.b3 Rxb3+ 23.Ka1 Rb4 24.Nc2 Rb5 25.Qc3 Rb3 26.Qd4 Qb5 
27.Rb1 Rb8 28.Qg1 Rb2 29.Qc1 Qb3 30.Nb4 Qa4 0-1

[Event "24th ECh U20"]
[Site "Siofok HUN"]
[Date "1996.??.??"]
[Round "7"]
[White "Schacher, Gerd"]
[Black "Sylvan, Jacob"]
[Result "1-0"]
[WhiteElo "2235"]
[BlackElo "2285"]
[EventDate "1996.08.30"]
[PlyCount "79"]

1.d4 d5 2.c4 e6 3.Nc3 c6 4.Nf3 Nf6 5.Bg5 dxc4 6.e4 b5 7.e5 h6 8.Bh4 g5 9.
Nxg5 hxg5 10.Bxg5 Nbd7 11.g3 Qa5 12.exf6 b4 13.Ne4 Ba6 14.Qf3 O-O-O 15.Be2
Nb6 16.Nc5 Bb5 17.Be3 Bxc5 18.dxc5 b3+ 19.Kf1 Nd5 20.Kg2 Nxe3+ 21.Qxe3 
bxa2 22.Rhc1 Rd5 23.Bxc4 Bxc4 24.Rxc4 Rd2 25.b4 Qd8 26.Qf3 Qd5 27.Rc3 Rh5 
28.g4 Re5 29.Ra3 Ree2 30.Rf1 Kb7 31.Qxd5 exd5 32.g5 Re8 33.h4 Rb2 34.Ra1 
Ree2 35.Rf3 Rb1 36.Rxa2 Rxa2 37.g6 Raa1 38.gxf7 Rg1+ 39.Kh3 Rh1+ 40.Kg4 
1-0

[Event "24th ECh U20"]
[Site "Siofok HUN"]
[Date "1996.??.??"]
[Round "7"]
[White "Delemarre, Jop"]
[Black "Avdic, Adnan"]
[Result "1-0"]
[WhiteElo "2360"]
[BlackElo "2090"]
[EventDate "1996.08.30"]
[PlyCount "51"]

1.d4 Nf6 2.c4 e6 3.Nf3 Bb4+ 4.Bd2 Qe7 5.g3 O-O 6.Bg2 Bxd2+ 7.Qxd2 d5 8.O-O
dxc4 9.Qc2 Nbd7 10.Qxc4 c5 11.Nc3 cxd4 12.Nxd4 Nb6 13.Qd3 Rd8 14.Rfd1 Kf8 
15.Qc2 e5 16.Ndb5 Rxd1+ 17.Rxd1 Be6 18.Nd6 Rb8 19.b3 Nc8 20.Nde4 Bf5 21.
Qd2 Nb6 22.Nxf6 Qxf6 23.Nb5 Nd7 24.Nd6 Be6 25.Nxb7 h5 26.Nc5 1-0

[Event "24th ECh U20"]
[Site "Siofok HUN"]
[Date "1996.??.??"]
[Round "7"]
[White "Nilsson, Mattias"]
[Black "Sirigos, Nikolaos"]
[Result "1/2-1/2"]
[WhiteElo "2145"]
[BlackElo "2290"]
[EventDate "1996.08.30"]
[PlyCount "75"]

1.d4 Nf6 2.c4 g6 3.Nc3 Bg7 4.e4 d6 5.Nf3 O-O 6.Be2 e5 7.O-O exd4 8.Nxd4 
Re8 9.f3 Nc6 10.Be3 Nh5 11.Qd2 Nf4 12.Nxc6 Nxe2+ 13.Nxe2 bxc6 14.Nd4 c5 
15.Ne2 Be6 16.Rac1 a5 17.Nf4 a4 18.Nxe6 Rxe6 19.Rfd1 Qe8 20.Bf2 Rb8 21.Rb1
Rb4 22.Qc2 Qb8 23.b3 axb3 24.axb3 Re8 25.Be1 Rb6 26.Ba5 Ra6 27.Bc3 Bxc3 
28.Qxc3 Ra3 29.h3 Qb6 30.Kh1 Rb8 31.Rd3 Qb4 32.Qf6 Qxc4 33.bxc4 Rxb1+ 34.
Kh2 Rxd3 35.Qd8+ Kg7 36.e5 Rbd1 37.Qf6+ Kg8 38.Qd8+ 1/2-1/2

[Event "24th ECh U20"]
[Site "Siofok HUN"]
[Date "1996.??.??"]
[Round "7"]
[White "Luukkonen, Tommi"]
[Black "Vasilev, Milen"]
[Result "0-1"]
[WhiteElo "2130"]
[BlackElo "2250"]
[EventDate "1996.08.30"]
[PlyCount "151"]

1.e4 c5 2.Nf3 d6 3.d4 cxd4 4.Nxd4 Nf6 5.Nc3 g6 6.Be3 Bg7 7.f3 O-O 8.Qd2 
Nc6 9.O-O-O Nxd4 10.Bxd4 Be6 11.g4 Qa5 12.Kb1 Rfc8 13.h4 Rxc3 14.Qxc3 
Qxa2+ 15.Kc1 Bxg4 16.Bc4 Bh6+ 17.Be3 Bxe3+ 18.Qxe3 Qxc4 19.fxg4 Nxg4 20.
Qf4 Rc8 21.c3 h5 22.Rd5 Ne5 23.Kc2 b5 24.Ra1 b4 25.Qe3 bxc3 26.b3 Qb4 27.
Ra4 {[#]} 27...Nc4 28.Qc1 Qb6 29.Rxc4 Rxc4 30.bxc4 Qf2+ 31.Kxc3 Qf3+ 32.
Rd3 Qxe4 33.Qg5 Qe1+ 34.Kd4 Kg7 35.Re3 Qd2+ 36.Ke4 e5 37.Kf3 Qd4 38.Re4 
Qd1+ 39.Kf2 Qh1 40.Re1 Qh2+ 41.Kf3 Qh3+ 42.Kf2 Qc3 43.Rc1 Qd4+ 44.Kf1 a5 
45.Ke2 a4 46.Qe3 Qxh4 47.c5 Qg4+ 48.Ke1 Qb4+ 49.Kf1 a3 50.c6 a2 51.c7 a1=Q
52.c8=Q {[#]} 52...Qb5+ 53.Kg2 Qaa6 54.Qc2 Qd5+ 55.Qee4 Qaa2 56.Qxd5 Qxd5+
57.Kf2 Qd4+ 58.Kg2 d5 59.Qc7 Qe4+ 60.Kf2 Qf5+ 61.Kg2 h4 62.Qc3 d4 63.Qd2 
Qg4+ 64.Kh2 Qf5 65.Rg1 f6 66.Ra1 g5 67.Qg2 Qf4+ 68.Kh1 e4 69.Rf1 Qe5 70.
Qg4 Qe7 71.Re1 Kg6 72.Rxe4 Qb7 73.Kh2 Qc7+ 74.Kg2 d3 75.Rd4 Qc2+ 76.Kf3 
0-1

[Event "24th ECh U20"]
[Site "Siofok HUN"]
[Date "1996.??.??"]
[Round "8"]
[White "Belozerov, Andrei"]
[Black "Mchedlishvili, Mikheil"]
[Result "1/2-1/2"]
[WhiteElo "2455"]
[BlackElo "2370"]
[EventDate "1996.08.30"]
[PlyCount "92"]

1.d4 Nf6 2.c4 e6 3.Nf3 Bb4+ 4.Bd2 Qe7 5.g3 Nc6 6.Bg2 Bxd2+ 7.Nbxd2 d6 8.
O-O O-O 9.e4 e5 10.d5 Nb8 11.Ne1 a5 12.Nd3 Na6 13.b3 Nb4 14.Nb2 Bd7 15.a3 
Na6 16.Nb1 Nc5 17.Nc3 h5 18.Qc2 a4 19.b4 Nb3 20.Rae1 h4 21.f4 hxg3 22.hxg3
Ng4 23.Bf3 Nh6 24.Nd3 g6 25.Qg2 f6 26.Bd1 Qh7 27.g4 Nf7 28.Re3 exf4 29.
Nxf4 Ng5 30.Nxa4 Bxa4 31.Bxb3 Bd7 32.Bc2 Kg7 33.e5 fxe5 34.Nxg6 Rxf1+ 35.
Qxf1 e4 36.Nf4 Qh6 37.Nh5+ Kg8 38.Nf6+ Kg7 39.Nh5+ Kg8 40.Nf6+ Kg7 41.Nxd7
Rh8 42.Kf2 Qh2+ 43.Ke1 Nf3+ 44.Rxf3 exf3 45.Qxf3 Qxc2 46.Qf6+ Kg8 1/2-1/2

[Event "24th ECh U20"]
[Site "Siofok HUN"]
[Date "1996.??.??"]
[Round "8"]
[White "Gyimesi, Zoltan"]
[Black "Savic, Miodrag"]
[Result "0-1"]
[WhiteElo "2480"]
[BlackElo "2345"]
[EventDate "1996.08.30"]
[PlyCount "92"]

1.d4 Nf6 2.c4 e6 3.Nc3 Bb4 4.e3 c5 5.Ne2 cxd4 6.exd4 O-O 7.a3 Be7 8.Nf4 d5
9.cxd5 Nxd5 10.Ncxd5 exd5 11.Be2 Bg5 12.O-O Nc6 13.Bf3 Bxf4 14.Bxf4 Qf6 
15.Be3 Rd8 16.Qb3 Ne7 17.Rac1 b6 18.Rc7 Be6 19.Rfc1 Nf5 20.Qd1 h6 21.R1c3 
a6 22.R7c6 b5 23.Bg4 Nd6 24.Bxe6 fxe6 25.Qc1 a5 26.Bf4 Ne4 27.Rc2 Qxd4 28.
Rxe6 Re8 29.Be5 Qa7 30.Rxe8+ Rxe8 31.Qf4 Qe7 32.Bd4 Nd2 33.Qe3 Nc4 34.Qxe7
Rxe7 35.Rc1 a4 36.f3 Re2 37.Kf1 Rd2 38.Bc3 Ne3+ 39.Kg1 Rxg2+ 40.Kh1 Re2 
41.Rg1 Nf5 42.Rg4 d4 43.Bxd4 Nxd4 44.Rxd4 Rxb2 45.Rd8+ Kf7 46.Ra8 Kf6 0-1

[Event "24th ECh U20"]
[Site "Siofok HUN"]
[Date "1996.??.??"]
[Round "8"]
[White "Parker, Jonathan"]
[Black "Quinn, Mark"]
[Result "1/2-1/2"]
[WhiteElo "2470"]
[BlackElo "2350"]
[EventDate "1996.08.30"]
[PlyCount "35"]

1.d4 Nf6 2.c4 e6 3.Nf3 d5 4.Nc3 dxc4 5.e4 c5 6.d5 exd5 7.e5 Nfd7 8.Bg5 Be7
9.Bxe7 Qxe7 10.Nxd5 Qd8 11.Bxc4 O-O 12.Qe2 Nb6 13.O-O-O Nxd5 14.Bxd5 Qe7 
15.Qe4 Na6 16.h4 Nb4 17.Ng5 g6 18.Rhe1 1/2-1/2

[Event "24th ECh U20"]
[Site "Siofok HUN"]
[Date "1996.??.??"]
[Round "8"]
[White "Hausrath, Daniel"]
[Black "Zulfugarli, Mahomed"]
[Result "0-1"]
[WhiteElo "2440"]
[BlackElo "2325"]
[EventDate "1996.08.30"]
[PlyCount "80"]

1.d4 Nf6 2.c4 g6 3.Nc3 Bg7 4.e4 d6 5.Be2 O-O 6.Nf3 e5 7.d5 a5 8.h3 Nh5 9.
Ng1 Nf6 10.Bg5 h6 11.Be3 Na6 12.Nf3 Nh5 13.Nd2 Nf4 14.Bf1 Nb4 15.Ndb1 f5 
16.a3 Na6 17.g3 Nh5 18.exf5 Bxf5 19.Nd2 Nf6 20.g4 Bd7 21.Nde4 Nxe4 22.Nxe4
Qh4 23.Bg2 Nc5 24.Nxc5 dxc5 25.Bxc5 Rf4 26.Be3 Raf8 27.Qe2 h5 28.gxh5 gxh5
29.Rc1 R4f6 30.Rf1 e4 31.Qc2 Re8 32.Rg1 Kh8 33.Ke2 Bh6 34.Rcf1 Bg7 35.Kd1 
c6 36.dxc6 Rxc6 37.c5 b6 38.Qd2 Qf6 39.Kc1 b5 40.Bg5 Qf7 0-1

[Event "24th ECh U20"]
[Site "Siofok HUN"]
[Date "1996.??.??"]
[Round "8"]
[White "Krakops, Maris"]
[Black "Del Rio Angelis, Salvador Gabriel"]
[Result "1-0"]
[WhiteElo "2440"]
[BlackElo "2325"]
[EventDate "1996.08.30"]
[PlyCount "91"]

1.e4 e6 2.d4 d5 3.Nc3 Bb4 4.e5 Qd7 5.a3 Bxc3+ 6.bxc3 b6 7.Qg4 f5 8.Qg3 Ba6
9.Bxa6 Nxa6 10.Ne2 Nb8 11.Nf4 Nc6 12.Nxe6 Qxe6 13.Qxg7 O-O-O 14.Qxh8 Qg6 
15.Bd2 Rd7 16.O-O-O h5 17.g4 fxg4 18.f4 Ne7 19.e6 Rd8 20.f5 Nxf5 21.Qe5 
Nge7 22.Rhf1 h4 23.Rde1 a5 24.Bf4 Rd6 25.Qh8+ Rd8 26.Qe5 Rd6 27.Qe2 Rc6 
28.Rg1 g3 29.hxg3 hxg3 30.Rg2 Kb7 31.Kb2 Rc4 32.Qd3 Qe8 33.Bxg3 Qb5+ 34.
Kc1 Qa4 35.Bf4 Qxa3+ 36.Kd2 Qb2 37.Be5 a4 38.Rgg1 Qb5 39.Rgf1 Nh4 40.Bf6 
Nhg6 41.Bxe7 Nxe7 42.Rf7 Nc8 43.e7 Qe8 44.Rf8 Qxe7 45.Rxe7 Nxe7 46.Qh7 1-0

[Event "24th ECh U20"]
[Site "Siofok HUN"]
[Date "1996.??.??"]
[Round "8"]
[White "Antoniewski, Rafal"]
[Black "Delemarre, Jop"]
[Result "0-1"]
[WhiteElo "2350"]
[BlackElo "2360"]
[EventDate "1996.08.30"]
[PlyCount "90"]

1.e4 c6 2.d4 d5 3.Nd2 dxe4 4.Nxe4 Nd7 5.Nf3 Ngf6 6.Nxf6+ Nxf6 7.Ne5 Nd7 8.
Nf3 Nf6 9.Bc4 Bf5 10.O-O Qc7 11.Ne5 e6 12.Bf4 Bd6 13.Re1 O-O-O 14.c3 Rhe8 
15.Qf3 Ng4 16.h3 Nxe5 17.Bxe5 f6 18.Bxd6 Qxd6 19.Rad1 Re7 20.Bb3 Kb8 21.c4
Bg6 22.c5 Qd7 23.Bc4 e5 24.dxe5 Rxe5 25.Rxd7 Rxe1+ 26.Kh2 Rxd7 27.Qf4+ Kc8
28.b3 Re5 29.a4 a5 30.Qg3 Kd8 31.f4 Rxc5 32.Qe3 b6 33.g4 Bf7 34.Qe4 Kc7 
35.Kg3 Bd5 36.Qe2 Kd6 37.h4 Re7 38.Qd3 Re4 39.h5 h6 40.Bxd5 cxd5 41.Kf3 
Rc1 42.Qb5 Rc3+ 43.Kg2 Rc2+ 44.Kf1 Rxf4+ 45.Ke1 Rc6 0-1

[Event "24th ECh U20"]
[Site "Siofok HUN"]
[Date "1996.??.??"]
[Round "8"]
[White "Petrov, Jole"]
[Black "Kovacs, Gabor"]
[Result "1-0"]
[WhiteElo "2365"]
[BlackElo "2335"]
[EventDate "1996.08.30"]
[PlyCount "99"]

1.g3 c5 2.c4 Nc6 3.Bg2 b6 4.Nc3 Bb7 5.e3 Qc8 6.d3 Nf6 7.Nge2 g6 8.O-O Bg7 
9.b3 O-O 10.d4 Nb4 11.d5 e5 12.e4 Ne8 13.f4 d6 14.Be3 Qd8 15.Qd2 f6 16.Rf2
Bc8 17.Raf1 Qe7 18.h3 Bd7 19.g4 a5 20.a3 Na6 21.a4 Ra7 22.fxe5 dxe5 23.Ng3
Nd6 24.g5 Nc7 25.gxf6 Bxf6 26.Bg5 Nce8 27.Bxf6 Rxf6 28.Nd1 Bc8 29.Nb2 Qg7 
30.Nd3 Rxf2 31.Rxf2 Rf7 32.Nf1 Rc7 33.Qg5 Nf7 34.Qg3 Ned6 35.Nd2 Re7 36.
Qh4 Rc7 37.Rf1 h6 38.Bf3 Kh7 39.Bg4 Bxg4 40.Qxg4 Re7 41.Kh2 Nd8 42.Qh4 g5 
43.Qg4 Qg6 44.Rg1 N8f7 45.Rg2 Kg7 46.Qf3 Ne8 47.Nf1 Nfd6 48.Ng3 Nf6 49.Rf2
g4 50.Qxf6+ 1-0

[Event "24th ECh U20"]
[Site "Siofok HUN"]
[Date "1996.??.??"]
[Round "8"]
[White "Prohl, Holger"]
[Black "Maros, Milan"]
[Result "1-0"]
[WhiteElo "2400"]
[BlackElo "2255"]
[EventDate "1996.08.30"]
[PlyCount "51"]

1.e4 e5 2.Nc3 Nf6 3.g3 d5 4.exd5 Nxd5 5.Bg2 Nxc3 6.bxc3 Bd6 7.Nf3 O-O 8.
O-O Nd7 9.d4 Re8 10.Re1 exd4 11.Rxe8+ Qxe8 12.cxd4 Nb6 13.Qd3 g6 14.c4 Bf5
15.Qb3 c5 16.dxc5 Bxc5 17.Bb2 Na4 18.Re1 Qd7 19.Rd1 Qe8 20.Ba1 Rc8 21.Ne5 
b6 22.Bd5 Rc7 23.Qf3 Bd6 24.Ng4 Be7 25.Nh6+ Kf8 26.Nxf5 1-0

[Event "24th ECh U20"]
[Site "Siofok HUN"]
[Date "1996.??.??"]
[Round "8"]
[White "Soln, Primoz"]
[Black "Gelbmann, Norbert"]
[Result "1-0"]
[WhiteElo "2330"]
[BlackElo "2300"]
[EventDate "1996.08.30"]
[PlyCount "71"]

1.d4 Nf6 2.c4 g6 3.Nc3 Bg7 4.e4 d6 5.Bd3 Nc6 6.Nge2 e5 7.d5 Nd4 8.Nxd4 
exd4 9.Ne2 Nd7 10.O-O c5 11.f4 b5 12.b3 O-O 13.Bd2 bxc4 14.bxc4 Re8 15.Ng3
h5 16.e5 dxe5 17.f5 e4 18.fxg6 fxg6 19.Nxe4 Ne5 20.Bg5 Qc7 21.d6 Qc6 22.
Nf6+ Bxf6 23.Rxf6 Bb7 24.Bf1 Rf8 25.Qe2 Rxf6 26.Bxf6 Nf7 27.Be7 Bc8 28.Re1
Bf5 29.g4 Bxg4 30.Bg2 Bxe2 31.Bxc6 d3 32.Bxa8 d2 33.Ra1 Ne5 34.Bd5+ Kg7 
35.Be6 Nd3 36.Bg5 1-0

[Event "24th ECh U20"]
[Site "Siofok HUN"]
[Date "1996.??.??"]
[Round "8"]
[White "Chytilek, Roman"]
[Black "Lehmann, Zoltan"]
[Result "1-0"]
[WhiteElo "2340"]
[BlackElo "2285"]
[EventDate "1996.08.30"]
[PlyCount "67"]

1.e4 e5 2.Nf3 Nc6 3.d4 exd4 4.Nxd4 Bc5 5.Be3 Qf6 6.c3 Qg6 7.Nd2 Nge7 8.g3 
Nxd4 9.cxd4 Bb6 10.Bg2 d5 11.exd5 O-O 12.Nc4 Qf5 13.d6 cxd6 14.Nxd6 Ba5+ 
15.Kf1 Qg6 16.Nxc8 Raxc8 17.Bxb7 Rb8 18.Qf3 Qb6 19.Be4 Qa6+ 20.Kg2 Rxb2 
21.Rhd1 Ng6 22.h4 Qe2 23.Qxe2 Rxe2 24.h5 Ne7 25.d5 Nc8 26.d6 Rd8 27.d7 Nb6
28.Bf5 Bc3 29.Rac1 Bf6 30.Rc8 g6 31.Bg4 Rxa2 32.Bd4 Be7 33.Rxd8+ Bxd8 34.
Re1 1-0

[Event "24th ECh U20"]
[Site "Siofok HUN"]
[Date "1996.??.??"]
[Round "8"]
[White "Sylvan, Jacob"]
[Black "Lerch, Patrice"]
[Result "1-0"]
[WhiteElo "2285"]
[BlackElo "2330"]
[EventDate "1996.08.30"]
[PlyCount "101"]

1.e4 c5 2.Nf3 Nc6 3.d4 cxd4 4.Nxd4 Nf6 5.Nc3 e6 6.Ndb5 Bb4 7.a3 Bxc3+ 8.
Nxc3 d5 9.exd5 exd5 10.Bd3 O-O 11.O-O h6 12.Bf4 d4 13.Ne4 Nd5 14.Bd6 Nde7 
15.Re1 f5 16.Bxe7 Qxe7 17.Nd2 Qf6 18.Qf3 Rd8 19.Rad1 Kh8 20.Nb3 Be6 21.Nc5
Ne5 22.Qf4 Nxd3 23.Nxd3 Rac8 24.Qd2 Rd6 25.Nf4 Bc4 26.h3 Ba6 27.Nd3 b6 28.
Ne5 Bb7 29.Qf4 Rcd8 30.c3 g5 31.Qg3 f4 32.Qd3 dxc3 {[#]} 33.Qxd6 Rxd6 34.
Rxd6 Qf5 35.Rd8+ Kg7 36.Rd7+ Kg8 37.bxc3 Be4 38.f3 Bxf3 39.gxf3 Qxh3 40.
Rxa7 Qg3+ 41.Kf1 h5 42.Rd1 Qh3+ 43.Ke1 Qh4+ 44.Kd2 g4 45.Kc2 b5 46.Rdd7 
Qf2+ 47.Kb3 Qxa7 48.Rxa7 g3 49.Rd7 h4 50.Ng6 g2 51.Rd1 1-0

[Event "24th ECh U20"]
[Site "Siofok HUN"]
[Date "1996.??.??"]
[Round "8"]
[White "Barva, Attila"]
[Black "Szuk, Balazs"]
[Result "0-1"]
[WhiteElo "2250"]
[BlackElo "2350"]
[EventDate "1996.08.30"]
[PlyCount "64"]

1.d4 g6 2.Nf3 Bg7 3.Bf4 c5 4.e3 Qb6 5.Nc3 cxd4 6.exd4 Nc6 7.Na4 Qa5+ 8.c3 
d6 9.b4 Qf5 10.Qd2 Nf6 11.Bd3 Qe6+ 12.Kf1 O-O 13.Re1 Qd7 14.Bh6 Nxb4 15.
Bxg7 Kxg7 16.cxb4 Qxa4 17.Rxe7 Nd5 18.Re1 Nxb4 19.Bc4 Bd7 20.Bb3 Qb5+ 21.
Kg1 Rfe8 22.h4 Rxe1+ 23.Nxe1 Re8 24.Nf3 Bg4 25.Qf4 Qf5 26.Qxd6 Bxf3 27.
Qxb4 Qg4 28.Rh2 Bd5 29.f3 Bxf3 30.Qc3 Qg3 31.d5+ Kg8 32.Bc4 Re1+ 0-1

[Event "24th ECh U20"]
[Site "Siofok HUN"]
[Date "1996.??.??"]
[Round "8"]
[White "Schacher, Gerd"]
[Black "Macionis, Andrius"]
[Result "0-1"]
[WhiteElo "2235"]
[BlackElo "2295"]
[EventDate "1996.08.30"]
[PlyCount "74"]

1.Nf3 Nf6 2.c4 b6 3.g3 Bb7 4.Bg2 e6 5.O-O Be7 6.Nc3 O-O 7.Re1 c5 8.e4 d6 
9.d4 cxd4 10.Nxd4 Qc8 11.Qe2 Nc6 12.Nxc6 Bxc6 13.Bf4 Rd8 14.Nd5 Qb7 15.Nb4
e5 16.Nxc6 Qxc6 17.Bd2 Nd7 18.b4 Nf8 19.Bh3 h6 20.a4 Bg5 21.Bc3 Ne6 22.
Bxe6 fxe6 23.h4 Bf6 24.Rec1 Rac8 25.Bd2 Qb7 26.Qg4 Kf7 27.h5 Bg5 28.Bxg5 
hxg5 29.Rc3 Qe7 30.a5 Kg8 31.axb6 axb6 32.Ra6 b5 33.c5 dxc5 34.Rxe6 Qd7 
35.Rxc5 Rxc5 36.bxc5 Rf8 37.h6 Rf6 0-1

[Event "24th ECh U20"]
[Site "Siofok HUN"]
[Date "1996.??.??"]
[Round "8"]
[White "Sirigos, Nikolaos"]
[Black "Mifsud, Timothy"]
[Result "0-1"]
[WhiteElo "2290"]
[BlackElo "2230"]
[EventDate "1996.08.30"]
[PlyCount "78"]

1.Nf3 d5 2.b3 Bf5 3.Bb2 e6 4.e3 Nf6 5.c4 Be7 6.Nc3 O-O 7.d4 c6 8.Be2 Nbd7 
9.O-O Ne4 10.Nxe4 Bxe4 11.Nd2 Bg6 12.Bf3 Bd6 13.Qe2 Re8 14.e4 e5 15.cxd5 
cxd5 16.Qb5 dxe4 17.Nxe4 Bxe4 18.Bxe4 exd4 19.Bxb7 Rb8 20.Qd5 Nf6 21.Qf3 
Qc7 22.Bc6 Bxh2+ 23.Kh1 Re5 24.Bxd4 Rh5 25.Bxf6 Rh6 26.g3 Bxg3+ 27.Kg2 
Rxf6 28.fxg3 Rxf3 29.Bxf3 Qa5 30.Rfd1 g6 31.Rd7 Rxb3 32.axb3 Qxa1 33.Bd5 
Qb2+ 34.Kg1 Qd4+ 35.Kg2 Kf8 36.Bc6 Qb2+ 37.Kh3 Qxb3 38.Bd5 Qb5 39.Rxf7+ 
Ke8 0-1

[Event "24th ECh U20"]
[Site "Siofok HUN"]
[Date "1996.??.??"]
[Round "8"]
[White "Zavoronkov, Vladimir"]
[Black "Gabrielsen, Stig"]
[Result "1/2-1/2"]
[WhiteElo "2265"]
[BlackElo "2225"]
[EventDate "1996.08.30"]
[PlyCount "151"]

1.e4 g6 2.d4 Bg7 3.f4 d6 4.Nf3 c5 5.c3 Nf6 6.Bd3 O-O 7.O-O cxd4 8.cxd4 Nc6
9.Nc3 Bg4 10.Be3 Qb6 11.Na4 Qa5 12.d5 Nb8 13.a3 Bd7 14.Bd2 Qd8 15.Kh1 a5 
16.Be3 Bxa4 17.Qxa4 Na6 18.Rac1 Ng4 19.Bd4 Nc5 20.Bxc5 dxc5 21.Qb5 b6 22.
h3 Nf6 23.Kh2 Ne8 24.Qb3 Nd6 25.e5 Ne8 26.Be4 Rb8 27.Rfd1 Qd7 28.Qc4 Bh6 
29.g3 Ng7 30.d6 Ne6 31.Bd5 Ng7 32.b4 axb4 33.axb4 Nf5 34.Qe4 exd6 35.Bc6 
Qc7 36.g4 dxe5 37.gxf5 Bxf4+ 38.Kh1 gxf5 39.Qd5 Rfd8 40.Bd7 Bxc1 41.Nxe5 
Qb7 42.Qxb7 Rxb7 43.Rxc1 Rbxd7 44.Nxd7 Rxd7 45.bxc5 bxc5 46.Rxc5 f4 47.Rc4
Rd3 48.Kg2 f3+ 49.Kf2 Kg7 50.Rg4+ Kf6 51.Rh4 Kg6 52.Rg4+ Kf6 53.Rh4 Kg7 
54.Rg4+ Kh8 55.Rf4 Rd7 56.Kxf3 h6 57.Rg4 Rd6 58.Ra4 Kh7 59.Ra8 Kg6 60.Rb8 
Kg5 61.Rb5+ f5 62.Rb3 Ra6 63.Rc3 Ra2 64.Rb3 h5 65.Rb8 Ra3+ 66.Kg2 h4 67.
Rc8 Ra2+ 68.Kf3 Ra3+ 69.Kg2 Rg3+ 70.Kh2 Re3 71.Kg2 Kf4 72.Rc4+ Re4 73.Rc2 
Rd4 74.Rf2+ Ke4 75.Re2+ Kd3 76.Kf3 1/2-1/2

[Event "24th ECh U20"]
[Site "Siofok HUN"]
[Date "1996.??.??"]
[Round "8"]
[White "Vasilev, Milen"]
[Black "Nilsson, Mattias"]
[Result "1-0"]
[WhiteElo "2250"]
[BlackElo "2145"]
[EventDate "1996.08.30"]
[PlyCount "111"]

1.d4 Nf6 2.c4 g6 3.Nc3 Bg7 4.Nf3 O-O 5.g3 d6 6.Bg2 Nbd7 7.O-O e5 8.e4 c6 
9.h3 exd4 10.Nxd4 Re8 11.Re1 Nc5 12.Qc2 Nfxe4 13.Nxe4 Bxd4 14.Bg5 Qd7 15.
Nf6+ Bxf6 16.Bxf6 Re6 17.Qc3 Qe8 18.Bg5 Qf8 19.b4 Na4 20.Qd4 Qg7 21.Qf4 
Nb6 22.Rad1 Rxe1+ 23.Rxe1 Be6 24.Bf6 Qf8 25.Bc3 h6 26.Qf6 Kh7 27.Be4 Re8 
28.Bxg6+ fxg6 29.Qxf8 Rxf8 30.Rxe6 Rf7 31.h4 Rf3 32.Bd4 Rd3 33.Re7+ Kg8 
34.Bxb6 axb6 35.Rxb7 b5 36.cxb5 cxb5 37.Rxb5 Rd2 38.a4 Kf7 39.a5 Ra2 40.
Rb6 d5 41.Rd6 Rb2 42.Rxd5 Rxb4 43.Rd7+ Kf6 44.a6 Ra4 45.Rd6+ Kg7 46.Rb6 h5
47.Rb7+ Kf6 48.a7 Ra2 49.Kg2 Kf5 50.Kf3 Ra3+ 51.Ke2 Kf6 52.Kd2 Kf5 53.Kc2 
Kg4 54.Kb2 Ra4 55.Kb3 Ra1 56.Rb4+ 1-0

[Event "24th ECh U20"]
[Site "Siofok HUN"]
[Date "1996.??.??"]
[Round "8"]
[White "Moor, Roger"]
[Black "Avdic, Adnan"]
[Result "1-0"]
[WhiteElo "2240"]
[BlackElo "2090"]
[EventDate "1996.08.30"]
[PlyCount "37"]

1.e4 c5 2.Nf3 Nc6 3.d4 cxd4 4.Nxd4 e5 5.Nb5 d6 6.N1c3 Nf6 7.Bg5 a6 8.Na3 
b5 9.Bxf6 gxf6 10.Nd5 f5 11.Bd3 Be6 12.O-O Bxd5 13.exd5 Ne7 14.Nxb5 Nxd5 
15.Bxf5 Nf4 16.Nc3 Qg5 17.Qf3 Ra7 18.Qc6+ Ke7 19.Rfd1 1-0

[Event "24th ECh U20"]
[Site "Siofok HUN"]
[Date "1996.??.??"]
[Round "9"]
[White "Delemarre, Jop"]
[Black "Nisipeanu, Liviu-Dieter"]
[Result "1/2-1/2"]
[WhiteElo "2360"]
[BlackElo "2500"]
[EventDate "1996.08.30"]
[PlyCount "101"]

1.d4 Nf6 2.c4 g6 3.Nc3 Bg7 4.e4 O-O 5.f3 d6 6.Be3 Nfd7 7.Qd2 c5 8.d5 a6 9.
a4 Ne5 10.Bg5 f5 11.exf5 Bxf5 12.Be2 Qe8 13.h4 h5 14.Nh3 Nbd7 15.Nf2 Nf6 
16.O-O Qd8 17.Rae1 Qb6 18.f4 Neg4 19.Nxg4 hxg4 20.Bd3 Rf7 21.Kh2 Qb4 22.
Re2 b5 23.cxb5 axb5 24.Bxb5 Qd4 25.g3 Rb8 26.Rd1 Qb4 27.Qe1 Rb7 28.Rdd2 
Kf8 29.Bc6 Ra7 30.Bb5 Nh7 31.Ne4 Bd4 32.Bh6+ Bg7 33.Bxg7+ Kxg7 34.Rd1 Qxe1
35.Rdxe1 Bxe4 36.Rxe4 Nf6 37.R4e2 Nxd5 38.Bc4 Nb4 39.Bxf7 Kxf7 40.b3 Nc6 
41.Re3 Nd4 42.Rd1 Rb7 43.Rb1 Nf3+ 44.Rxf3 gxf3 45.Kg1 Rb4 46.Kf2 c4 47.a5 
cxb3 48.a6 b2 49.a7 Ra4 50.Rxb2 Rxa7 51.Rb3 1/2-1/2

[Event "24th ECh U20"]
[Site "Siofok HUN"]
[Date "1996.??.??"]
[Round "9"]
[White "Zifroni, Dov"]
[Black "Petrov, Jole"]
[Result "1-0"]
[WhiteElo "2490"]
[BlackElo "2365"]
[EventDate "1996.08.30"]
[PlyCount "29"]

1.c4 Nf6 2.Nc3 e5 3.Nf3 Nc6 4.e4 Bc5 5.Nxe5 Nxe5 6.d4 Bb4 7.dxe5 Nxe4 8.
Qd4 Nc5 9.Be3 Ne6 10.Qe4 Qe7 11.Rc1 d6 12.exd6 Qxd6 13.c5 Bxc5 14.Rd1 Qf8 
15.Bb5+ 1-0

[Event "24th ECh U20"]
[Site "Siofok HUN"]
[Date "1996.??.??"]
[Round "9"]
[White "Del Rio Angelis, Salvador Gabriel"]
[Black "Gyimesi, Zoltan"]
[Result "1-0"]
[WhiteElo "2325"]
[BlackElo "2480"]
[EventDate "1996.08.30"]
[PlyCount "65"]

1.d4 c5 2.e4 cxd4 3.Nf3 d6 4.Nxd4 Nf6 5.Nc3 a6 6.Bc4 e6 7.Bb3 b5 8.O-O Be7
9.Qf3 Qb6 10.Bg5 O-O 11.Rad1 Nbd7 12.Rfe1 Nc5 13.Qg3 Nh5 14.Qh4 Bxg5 15.
Qxg5 Nf6 16.Re3 h6 17.Qh4 Bb7 18.a3 Rac8 19.Ba2 Kh7 20.b4 g5 21.Qh3 Ncxe4 
22.Nxe4 Nxe4 23.c3 d5 24.Bb1 Kg7 25.f4 f5 26.Bxe4 dxe4 27.fxg5 hxg5 28.Qh5
Rg8 29.Nxf5+ exf5 30.Qxg5+ Kh8 31.Qh4+ Kg7 32.Rd7+ Kg6 33.Qg3+ 1-0

[Event "24th ECh U20"]
[Site "Siofok HUN"]
[Date "1996.??.??"]
[Round "9"]
[White "Chytilek, Roman"]
[Black "Belozerov, Andrei"]
[Result "1-0"]
[WhiteElo "2340"]
[BlackElo "2455"]
[EventDate "1996.08.30"]
[PlyCount "67"]

1.e4 e6 2.d4 d5 3.Nd2 c5 4.Ngf3 Nf6 5.e5 Nfd7 6.c3 b6 7.a4 cxd4 8.cxd4 Nc6
9.Bb5 Nb4 10.O-O a6 11.Be2 Be7 12.Nb1 O-O 13.Nc3 Nb8 14.Be3 N8c6 15.Ne1 
Bd7 16.Nd3 Qc7 17.Rc1 Qb7 18.Nf4 g6 19.g3 Rfc8 20.h4 b5 21.axb5 axb5 22.h5
Nd8 23.hxg6 hxg6 {[#]} 24.Bh5 Be8 25.Qg4 Bf8 26.Kg2 Nbc6 27.Rh1 Nxe5 28.
Qh3 Bg7 29.dxe5 d4+ 30.Bf3 Bc6 31.Nfd5 exd5 32.Bg5 Bxe5 33.Qh7+ Kf8 {[#]} 
34.Qh8+ 1-0